header

Geography and vision (Record no. 9511)

MARC details
000 -LEADER
fixed length control field 01571nam a2200373Ia 4500
001 - CONTROL NUMBER
control field ebr10267532
003 - CONTROL NUMBER IDENTIFIER
control field CaPaEBR
006 - FIXED-LENGTH DATA ELEMENTS--ADDITIONAL MATERIAL CHARACTERISTICS--GENERAL INFORMATION
fixed length control field m u
007 - PHYSICAL DESCRIPTION FIXED FIELD--GENERAL INFORMATION
fixed length control field cr cn|||||||||
008 - FIXED-LENGTH DATA ELEMENTS--GENERAL INFORMATION
fixed length control field 080728s2008 enkabf sb 001 0 eng d
010 ## - LIBRARY OF CONGRESS CONTROL NUMBER
Canceled/invalid LC control number 2008298288
020 ## - INTERNATIONAL STANDARD BOOK NUMBER
Cancelled/invalid ISBN 9781850438465
Cancelled/invalid ISBN 1850438463
Cancelled/invalid ISBN 9781850438472
Cancelled/invalid ISBN 1850438471
040 ## - CATALOGING SOURCE
Original cataloging agency CaPaEBR
Transcribing agency CaPaEBR
035 ## - SYSTEM CONTROL NUMBER
System control number (OCoLC)646787110
050 14 - LIBRARY OF CONGRESS CALL NUMBER
Classification number G71.5
Item number .C685 2008eb
100 1# - MAIN ENTRY--PERSONAL NAME
Personal name Cosgrove, Denis E.
245 10 - TITLE STATEMENT
Title Geography and vision
Medium [electronic resource] :
Remainder of title seeing, imagining and representing the world /
Statement of responsibility, etc Denis Cosgrove.
246 14 - VARYING FORM OF TITLE
Title proper/short title Geography & vision
260 ## - PUBLICATION, DISTRIBUTION, ETC. (IMPRINT)
Place of publication, distribution, etc London ;
-- New York :
Name of publisher, distributor, etc I.B. Tauris ;
Place of publication, distribution, etc New York :
Name of publisher, distributor, etc In the United States of America and Canada distributed by Palgrave Macmillan,
Date of publication, distribution, etc 2008.
300 ## - PHYSICAL DESCRIPTION
Extent xi, 256 p., [4] p. of plates :
Other physical details ill. (some col.), maps (some col.).
490 1# - SERIES STATEMENT
Series statement International library of human geography ;
Volume number/sequential designation v. 12
504 ## - BIBLIOGRAPHY, ETC. NOTE
Bibliography, etc Includes bibliographical references (p. 219-248) and index.
533 ## - REPRODUCTION NOTE
Type of reproduction Electronic reproduction.
Place of reproduction Palo Alto, Calif. :
Agency responsible for reproduction ebrary,
Date of reproduction 2009.
Note about reproduction Available via World Wide Web.
-- Access may be limited to ebrary affiliated libraries.
650 #0 - SUBJECT ADDED ENTRY--TOPICAL TERM
Topical term or geographic name as entry element Geographical perception.
Topical term or geographic name as entry element Human geography.
Topical term or geographic name as entry element Art and geography.
655 #7 - INDEX TERM--GENRE/FORM
Genre/form data or focus term Electronic books.
Source of term local
710 2# - ADDED ENTRY--CORPORATE NAME
Corporate name or jurisdiction name as entry element ebrary, Inc.
830 #0 - SERIES ADDED ENTRY--UNIFORM TITLE
Uniform title International library of human geography ;
Volume number/sequential designation 12.
856 40 - ELECTRONIC LOCATION AND ACCESS
Uniform Resource Identifier <a href="http://site.ebrary.com/lib/rucke/Doc?id=10267532">http://site.ebrary.com/lib/rucke/Doc?id=10267532</a>
Public note An electronic book accessible through the World Wide Web; click to view

No items available.

© 2026 Rongo University
Contact us: librarian | system librarian | Rongo university